000 00373nam a2200169Ia 4500
001 6933
003 IN-NITTTR
005 20251114233023.0
008 251113s9999||||xx |||||||||||||| ||eng||
040 _beng
040 _cIN-NITTTR
041 _aeng
082 _a669 F323G
100 _aFeirer, John L.
245 0 _aGeneral metals /
_cFeirer, John L.
942 _2ddc
_cBK
999 _c9571
_d9571